00789nam a2200229Ia 4500003000900000008004100009040001300050040001300063041000800076100002000084245016200104250001200266260002100278260000900299300001100308300001000319490000600329710001400335942000700349999001700356952018600373IT-RoPAU120407s9999 xx 000 0 und d aIT-RoPAU cIT-RoPAU aita aJosef Schreiner aScoprire l’Antico Testamento Commento delle lezioni veterotestamentarie domenicali e festive dell’anno A.: dalla I di Avvento alla VII domenica per annum aModena  aEdizioni Paoline c1971 a221 p. c21 cm v1 ae collab. cBK c29233d29233 00102ddc406264_400000000000000_1571aPAULUSbPAULUSd2012-04-11l0o264.4.15r2012-04-11 00:00:00w2012-04-11yBKzInserito da: In data: n.d. fondo: Via A.Severo 56 Progr:32407